000 01042nam a2200289 4500
001 113939
003 DR-UNIBE
005 20250724111044.0
008 250724b2008 dr ||||| |||| 00| 0 spa d
020 _a9789945416121
040 _aBIBLIOTECA UNIBE
_bspa
_cBIBLIOTECA UNIBE
041 _aspa
_hspa
082 _222
_aRD 468 G643p 2008
100 1 _aGonzález Tirado, Rafael,
_d1931-2025
_eautor
_9197682
245 1 0 _aPalabras para compartir /
_cRafael González Tirado
260 _aSanto Domingo :
_bAcademia Dominicana de la Lengua :
_bBanReservas,
_c2008
300 _avolúmenes ;
_c26 cm
500 _aEn biblioteca volumen 1
650 7 _2lemb
_aLingüística aplicada
_959321
650 7 _2lemb
_aLenguaje y lenguas
_xOrtografía
_9197686
650 7 _2lemb
_aEspañol
_xOrtografía
_922290
650 7 _2lemb
_aLenguaje y cultura
700 1 _aToribio, Daniel
_epresentación
_9157372
700 1 _aPochet, Gerardo
_ecuidado de edición
_9197684
700 1 _aBrea Franco, Luis O.,
_d1946-2020
_ecoordinador
_942216
942 _2ddc
_cBK
999 _c113939
_d113939